<?xml version="1.0" encoding="UTF-8"?>
<collection xmlns="http://www.loc.gov/MARC21/slim">
 <record>
  <leader>02999nam a2200313 a 4500</leader>
  <controlfield tag="001">1/47527</controlfield>
  <controlfield tag="008">171102s2007    gr       b    00110 gre  </controlfield>
  <datafield tag="020" ind1=" " ind2=" ">
   <subfield code="a">9789602185278</subfield>
  </datafield>
  <datafield tag="035" ind1=" " ind2=" ">
   <subfield code="l">50510</subfield>
  </datafield>
  <datafield tag="040" ind1=" " ind2=" ">
   <subfield code="a">GR-PeUP</subfield>
  </datafield>
  <datafield tag="082" ind1="0" ind2="0">
   <subfield code="a">306.089 ERI ΜΤΦ</subfield>
  </datafield>
  <datafield tag="100" ind1="1" ind2=" ">
   <subfield code="a">Eriksen, Thomas Hylland.</subfield>
  </datafield>
  <datafield tag="245" ind1="1" ind2="0">
   <subfield code="a">Μικροί τόποι, μεγάλα ζητήματα :</subfield>
   <subfield code="b">μια εισαγωγή στην κοινωνική και πολιτισμική ανθρωπολογία /</subfield>
   <subfield code="c">Thomas Hylland Eriksen ;μετάφραση Αθανάσιος Κατσικέρος ;εισαγωγή - επιστημονική επιμέλεια Ιωάννης Μάνος.</subfield>
  </datafield>
  <datafield tag="260" ind1="0" ind2=" ">
   <subfield code="a">Αθήνα :</subfield>
   <subfield code="b">Εκδόσεις Κριτική,</subfield>
   <subfield code="c">2007.</subfield>
  </datafield>
  <datafield tag="300" ind1=" " ind2=" ">
   <subfield code="a">528 σ. ;</subfield>
   <subfield code="c">23 εκ.</subfield>
  </datafield>
  <datafield tag="500" ind1=" " ind2=" ">
   <subfield code="a">Τίτλος πρωτοτύπου: Small places, large issues : an introduction to social and cultural anthropology.</subfield>
  </datafield>
  <datafield tag="500" ind1=" " ind2=" ">
   <subfield code="a">Περιεχόμενα: Εισαγωγή του επιμελητή -- Πρόλογος -- Πρόλογος στη δεύτερη έκδοση -- 1. Εισαγωγή: Σύγκριση και πλαίσιο -- 2. Μια σύντομη ιστορία της ανθρωπολογίας -- 3. Η επιτόπια έρευνα και η ερμηνεία της -- 4. Το κοινωνικό πρόσωπο -- 5. Η οργάνωση του τοπικού -- 6. Προσωπικό και κοινωνία -- 7. Η συγγένεια ως καταγωγή -- 8. Γάμος και συμμαχία -- 9. Κοινωνικό φύλλο και ηλικία -- 10. Κοινωνικές ιεραρχίες -- 11. Πολιτική εξουσία -- 12.Ανταλλαγή -- 13. Παραγωγή και τεχνολογία -- 14. Θρησκεία και τελετουργία -- 15. Τρόποι σκέψης -- 16. Η πρόκληση των πολλαπλών παραδόσεων -- 17. Εθνοτισμός -- 18. Η πολιτική των ταυτοτήτων: εθνικισμός και μειονότητες -- 19. Το παγκόσμιο, το τοπικό και ο συνδυασμός τους -- Επίλογος: Και λοιπόν; -- Βιβλιογραφία</subfield>
  </datafield>
  <datafield tag="504" ind1=" " ind2=" ">
   <subfield code="a">Περιέχει βιβλιογραφία και ευρετήριο.</subfield>
  </datafield>
  <datafield tag="650" ind1=" " ind2="4">
   <subfield code="a">Εθνολογία.</subfield>
  </datafield>
  <datafield tag="650" ind1=" " ind2="4">
   <subfield code="a">Κοινωνική ανθρωπολογία.</subfield>
  </datafield>
  <datafield tag="650" ind1=" " ind2="4">
   <subfield code="a">Ethnology.</subfield>
  </datafield>
  <datafield tag="650" ind1=" " ind2="4">
   <subfield code="a">Social anthropology.</subfield>
  </datafield>
  <datafield tag="650" ind1=" " ind2="4">
   <subfield code="a">Civilization.</subfield>
  </datafield>
  <datafield tag="650" ind1=" " ind2="4">
   <subfield code="a">Ανθρωπολογία, Πολιτισμική.</subfield>
  </datafield>
  <datafield tag="650" ind1=" " ind2="4">
   <subfield code="a">Κοινωνιολογία.</subfield>
  </datafield>
  <datafield tag="700" ind1="1" ind2=" ">
   <subfield code="a">Κατσίκερος, Αθανάσιος.</subfield>
  </datafield>
  <datafield tag="700" ind1="1" ind2=" ">
   <subfield code="a">Μάνος, Ιωάννης Σ.,</subfield>
   <subfield code="d">1947-</subfield>
  </datafield>
  <datafield tag="852" ind1=" " ind2=" ">
   <subfield code="a">INST</subfield>
   <subfield code="b">UNIPILB</subfield>
   <subfield code="c">MAIN</subfield>
   <subfield code="e">20171102</subfield>
   <subfield code="h">306.089 ERI ΜΤΦ</subfield>
   <subfield code="p">00178340</subfield>
   <subfield code="q">00178340</subfield>
   <subfield code="t">LOAN</subfield>
   <subfield code="y">0</subfield>
   <subfield code="4">2</subfield>
  </datafield>
  <datafield tag="852" ind1=" " ind2=" ">
   <subfield code="a">INST</subfield>
   <subfield code="b">UNIPILB</subfield>
   <subfield code="c">MAIN</subfield>
   <subfield code="e">20171102</subfield>
   <subfield code="h">306.089 ERI ΜΤΦ	</subfield>
   <subfield code="p">00178341</subfield>
   <subfield code="q">00178341</subfield>
   <subfield code="t">LOAN</subfield>
   <subfield code="y">0</subfield>
   <subfield code="4">1</subfield>
  </datafield>
 </record>
</collection>
